Concise encyclopedia of geography (Record no. 26586)

MARC details
000 -LEADER
fixed length control field 00275nam a2200109Ia 4500
082 ## - DEWEY DECIMAL CLASSIFICATION NUMBER
Classification number 91(031)
Item number TUN
100 ## - MAIN ENTRY--AUTHOR NAME
Personal name Tunney, C J
245 #0 - TITLE STATEMENT
Title Concise encyclopedia of geography
260 ## - PUBLICATION, DISTRIBUTION, ETC. (IMPRINT)
Place of publication Berkshire
Name of publisher Purnell
Year of publication 1976
942 ## - ADDED ENTRY ELEMENTS (KOHA)
Koha item type Books
Holdings
Withdrawn status Lost status Damaged status Not for loan Home library Current library Date acquired Cost, normal purchase price Full call number Accession Number Koha item type
        RRII Library RRII Library 16/12/2021 3.50 91(031) TUN 07219 Books